Ekklesia Indian conversation : (Record no. 101491)

MARC details
000 -LEADER
fixed length control field 00761nam a22002297a 4500
005 - DATE AND TIME OF LATEST TRANSACTION
control field 20181212123613.0
010 ## - LCCN (DPL NO)
LC control number ENG-115541
020 ## - INTERNATIONAL STANDARD BOOK NUMBER
International Standard Book Number 9789351480549
Terms of availability 990.00
020 ## - INTERNATIONAL STANDARD BOOK NUMBER
International Standard Book Number 9651480542
Terms of availability 990.00
035 ## - SYSTEM CONTROL NUMBER
System control number EN-99073
037 ## - SOURCE OF ACQUISITION
Source of stock number/acquisition DBAD/PUB
082 ## - DEWEY DECIMAL CLASSIFICATION NUMBER
Classification number 280.62
245 ## - TITLE STATEMENT
Title Ekklesia Indian conversation :
Statement of responsibility, etc edited by Samuel George,H. Joseph Lalfakmawia [and] Ajungla Jamir
Remainder of title a study of the Church /
260 ## - PUBLICATION, DISTRIBUTION, ETC. (IMPRINT)
Place of publication, distribution, etc New Delhi
Name of publisher, distributor, etc Christian World Imprints
Date of publication, distribution, etc 2015
270 ## - ADDRESS
Address H-12,Bali Nagar
City New Delhi
Postal code 110015
300 ## - PHYSICAL DESCRIPTION
Extent xviii,385p.
Dimensions 25cm(Hb)
500 ## - GENERAL NOTE
General note Includes bibliographical references index
700 ## - ADDED ENTRY--PERSONAL NAME
Personal name George, Samuel
700 ## - ADDED ENTRY--PERSONAL NAME
Personal name Lalfakmawia,H. Joseph
700 ## - ADDED ENTRY--PERSONAL NAME
Personal name Jamir Ajungla
942 ## - ADDED ENTRY ELEMENTS (KOHA)
Source of classification or shelving scheme Dewey Decimal Classification
Item type English Books
Classification part 280.62
Call number suffix EKK
Holdings
Withdrawn status Lost status Not for loan Collection code Home library Current library Date acquired Source of acquisition Cost, normal purchase price Full call number Barcode Copy number Cost, replacement price Koha item type
    Not For Loan Non-fiction D.B.Act.Division Bawana 26/07/2016 DBAD/PUB 990.00 280.21 EKK EN-99073 1 990.00 English Books

© Delhi Public Library
Hit Counter
free hit counter